zpět

Detail výsledku týmu

The PUB Praha 6 , Praha

Datum a čas kvízu

34 Celkem bodů Celkový počet nahraných bodů na tomto kvízu bez doplňovacích otázek.
4. Pořadí na kvízu Konečné umístění týmu na tomto kvízu.

Zaznamenané odpovědi

# Otázka Odpověď Body Výsledky
1. V nemocniční lékárně v jistém... C 1
2. Greta Thunberg opět protestova... v Norsku 0
3. V sobotu se v pražském Rudolfi... Arvéd, Podezření 0.5
4. I pouhým okem byla minulý týde... Venuše, Jupiter 1
5. Eva Adamczyková se podruhé v k... snowboardcross, Gruzie 0.5
6. Další díl našeho nepravidelnéh... Casablanca, Maroko 0.5
7. V roce 1943 vedly sovětská a n... Charkov 1
8. V první polovině roku 1943 též... Guadalcanal 0
9. V červenci 1943 se spojenecké... Sicílie 1
10. V roce 1943 se definitivně roz... Afrikakorps 0